| Record ID | ia:prometheusgriech00aescuoft |
| Source | Internet Archive |
| Download MARC XML | https://archive.org/download/prometheusgriech00aescuoft/prometheusgriech00aescuoft_marc.xml |
| Download MARC binary | https://www.archive.org/download/prometheusgriech00aescuoft/prometheusgriech00aescuoft_meta.mrc |
LEADER: 00711cam a22002170 4500
001 495362
008 670101s1852 gw ger x
035 $a(Sirsi) AAM-2001
040 $aOTU$bENG
050 4 $aPA3825$bP8 1852
090 8 $aPA 3825 .P8 1852$bROBA$c1
100 00 $aAeschylus.
240 10 $aPrometheus bound.$lGreek and German.$f1852
245 10 $aPrometheus.$bGriechisch mit metrischer Uebersetzung und prüfenden und erklärenden Anmerkungen von J.A. Hartung.
260 0 $aLeipzig$bW. Engelmann$c1852
300 $a176p.
490 04 $aHis Werke, Bd. 1
596 $a26
700 10 $aHartung, Johann Adam,$d1801-1867,
948 $a07/14/1992$b09/20/1998
926 $aROBARTS$bSTACKS$cPA3825 .P8 1852$dBOOK$f1